000 00356nam a2200133Ia 4500
008 100328s9999 xx 000 0 und d
082 _b34862
100 _aकाशिकर एस.एम.
245 _aप्रतिशोध
260 _bपूजा.
630 _aप्रतिशोध
730 _aप्रतिशोध
942 _cBOOK
999 _c524912
_d524909